| 000 | 01600cam a22002535a 4500 | ||
|---|---|---|---|
| 001 | L156383 | ||
| 008 | 150512s2012 xxk f 001 0 eng d | ||
| 020 | _a9781847663177 | ||
| 035 | _a(Sirsi) u156383 | ||
| 041 | 0 | _aeng | |
| 050 | 0 | 4 | _a346.4104343 $2 18 |
| 100 | 1 | _aCockburn, David | |
| 245 | 0 | 0 | _aCommercial Leases |
| 250 | _a2nd ed. | ||
| 260 |
_aWest Sussex _bBloomsbury Professional Limited _c2011 |
||
| 300 |
_a xix, 206p. _c22 cm |
||
| 505 | 2 | _aGeneral introduction -- Chapter 2: offers or agreements for lease -- Chapter 3: the subjects of lease -- Chapter 4: the letting -- Chapter 5: repairs -- Chapter 6: Service charge -- Chapter 7 Insurance and related matters -- Chapter 8: rent review -- Chapter 9: the tenant's gerenal obligations -- Chapter 10: the landlord's obligations -- Chapter 11: termination -- Chapter 12: sub-leases, assignations and renunciations. | |
| 520 | _aThis book provides a practical guide to occupational leases for commercial property. Following the chronology of a transaction, the author explains clauses which regularly occur in commercial leases, highlighting the points each side needs to insist upon in negotiations and providing optional revisals for those acting for tenants. In an area of law where careful drafting is essential, this concise and informative handbook offers a unique practical viewpoint which outlines potential pitfalls and aids in providing solutions. | ||
| 520 | _aSupersedes the 1st edition ISBN#(0406947120). | ||
| 521 | _aAdvanced | ||
| 651 | 4 | _aENGLAND AND WALES | |
| 690 |
_aLeasing/Letting _96253 |
||
| 942 | _n0 | ||
| 999 |
_c114226 _d114226 |
||